Schöne Náci, bratislavský Charlie

Gespeichert in:
Bibliographische Detailangaben
1. Verfasser: Rosa, L. O (Verfasst von)
Format: Buch
Sprache:Slowakisch
Veröffentlicht: Bratislava : Sprint, 1994
Ausgabe:1. vyd.
Schlagworte:
Tags: Tag hinzufügen
Keine Tags, Fügen Sie das erste Tag hinzu!

MARC

LEADER 00000nam a22000003a 4500
001 stu11706
005 20150617225801.1
008 951106s1994----xo------------------slo-d
020 |a 8096712217 
040 |a STU  |b slo 
041 0 |a slo 
044 |a xo 
100 1 |a Rosa, L. O  |4 aut 
245 1 |a Schöne Náci, bratislavský Charlie 
250 |a 1. vyd. 
260 |a Bratislava :  |b Sprint,  |c 1994 
300 |a 157 s 
650 7 |a Bratislava  |2 stusub 
996 |b 284AU00484  |c A*2744 U  |l AAKNAR  |s A  |a 24  |w stu11706_0001